Fr. Conceicao Rodrigues College of Engineering

Hand Book For Limit State Design (Record no. 33523)

MARC details
000 -LEADER
fixed length control field 00287nam a2200121Ia 4500
100 ## - MAIN ENTRY--PERSONAL NAME
Personal name Ghanekar/V.K/ Jain J.R
245 ## - TITLE STATEMENT
Title Hand Book For Limit State Design
260 ## - PUBLICATION, DISTRIBUTION, ETC.
Name of publisher, distributor, etc. Tata Mc Graw hill
Place of publication, distribution, etc. NewDelhi
Date of publication, distribution, etc. 1981
300 ## - PHYSICAL DESCRIPTION
Extent 763
546 ## - LANGUAGE NOTE
Language note ENGLISH
654 ## - SUBJECT ADDED ENTRY--FACETED TOPICAL TERMS
Focus term State Design
942 ## - ADDED ENTRY ELEMENTS (KOHA)
Koha item type BOOK
Holdings
Withdrawn status Lost status Damaged status Not for loan Collection Home library Current library Date acquired Source of acquisition Cost, normal purchase price Inventory number Total Checkouts Full call number Barcode Date last seen Cost, replacement price Price effective from Koha item type
        AFT Fr. Agnel's C.Rodrigues College of Engineering Fr. Agnel's C.Rodrigues College of Engineering 17/03/2023 UBS 81.50 T-952   AFT3523 17/03/2023 81.50 17/03/2023 BOOK